Terapia Intensiva Local. (Registro nro. 3192)

Detalles MARC
000 -LEADER
fixed length control field 01521nam a2200409 a 4500
005 - FECHA ULTIMA MODIFICACION
control field 20240814090652.0
008 - CAMPO DE CONTROL (LIBRO)
fixed length control field e2024 ag ||||f |||| 00| 0 spa d
020 ## - INTERNATIONAL STANDARD BOOK NUMBER
ISBN 9789878750606
041 ## - CODIGO DE IDIOMA
Código de idioma del texto/pista de sonido o título separado spa
092 ## - SIGNATURA TOPOGRAFICA DEWEY LOCAL
número de clasificación 616.028
libristica 13
sección COR
100 1# - ENTRADA PRINCIPAL--NOMBRE PERSONAL
Nombre personal Cornaglia, Carlos Luis Miguel
9 (RLIN) 4205
245 ## - TITULO PROPIAMENTE DICHO
Título Terapia Intensiva Local.
Subtítulo y Título paralelo T.1 Concepto /
Mención de responsabilidad y remanente de la transcripción de la portada Carlos Luis Miguel Cornaglia
250 ## - MENCION DE EDICION
Mención de edición 1a ed.
260 ## - PIE DE IMPRENTA
Lugar de publicación, distribución, etc Buenos Aires:
Nombre de la editorial, distribuidor, etc Autores de Argentina;
Fecha de publicación 2024.
300 ## - DESCRIPCION FISICA
Extension 192 p.
500 ## - NOTA GENERAL
Nota general Cornaglia, C. L. M. y Fiore, G. del V. (2024). Terapia Intensiva Local. T.1 Concepto. (1a ed.). Buenos Aires : Autores de Argentina.
590 ## - NOTAS LOCALES (RLIN)
Nota local Compra Proyecto PROMED 2012<br/>
653 ## - TÉRMINO INDIZADO - PALABRAS CLAVES
Palabra clave Psicoterapia intensiva focal
653 ## - TÉRMINO INDIZADO - PALABRAS CLAVES
Palabra clave Psicoterapia intensiva focal. Concepto
653 4# - TÉRMINO INDIZADO - PALABRAS CLAVES
Palabra clave Qué significa terapia?
653 4# - TÉRMINO INDIZADO - PALABRAS CLAVES
Palabra clave Qué significa intensiva?
653 4# - TÉRMINO INDIZADO - PALABRAS CLAVES
Palabra clave Qué significa focal?
653 ## - TÉRMINO INDIZADO - PALABRAS CLAVES
Palabra clave Conciencia metodológica
653 ## - TÉRMINO INDIZADO - PALABRAS CLAVES
Palabra clave Formas de lo intensivo
653 ## - TÉRMINO INDIZADO - PALABRAS CLAVES
Palabra clave Formas de lo focal
653 ## - TÉRMINO INDIZADO - PALABRAS CLAVES
Palabra clave Organización del programa terapéutico
653 ## - TÉRMINO INDIZADO - PALABRAS CLAVES
Palabra clave Proyecto, programa, mesoprograma, microprograma
653 ## - TÉRMINO INDIZADO - PALABRAS CLAVES
Palabra clave Equipo terapéutico
653 ## - TÉRMINO INDIZADO - PALABRAS CLAVES
Palabra clave Registro de las actividades y eventos
653 ## - TÉRMINO INDIZADO - PALABRAS CLAVES
Palabra clave Espacios y extensión de los programas terapéuticos
653 ## - TÉRMINO INDIZADO - PALABRAS CLAVES
Palabra clave Indicaciones y contraindicaciones
653 ## - TÉRMINO INDIZADO - PALABRAS CLAVES
Palabra clave Costos y beneficios
653 ## - TÉRMINO INDIZADO - PALABRAS CLAVES
Palabra clave Evaluación
653 ## - TÉRMINO INDIZADO - PALABRAS CLAVES
Palabra clave Terapia intensiva focal. Hoja de evaluación
700 1# - ENTRADAS SECUNDARIAS - NOMBRE PERSONAL
Nombre personal Fiore, Graciela del Valle.
9 (RLIN) 4206
942 ## - ADDED ENTRY ELEMENTS (KOHA)
Source of classification or shelving scheme Dewey Decimal Classification
Item type Libros
Existencias
Estado de retiro Existencia Fuente de clasificación Estado general No para prestamo Ubicación permanente ubicación actual Sala de ubicación Fecha de adquisición Fuente de adquisición Total Checkouts Número de clasificación Código de barras Date last seen Date last borrowed Número de ejemplar Price effective from Koha tipo de elemento (item) Public note Coded location qualifier
    Dewey Decimal Classification     Biblioteca Medicina Biblioteca Medicina Circulación 14/08/2024 Donación autores, Agosto 2024 1 616.026 13 COR 4895 19/08/2024 16/08/2024 Ej.1 14/08/2024 Libros Donación autores, Agosto 2024  

UNIVERSIDAD NACIONAL DEL COMAHUE
Biblioteca de la Facultad de Ciencias Médicas
Sede Toschi: Los Arrayanes y Av. Toschi, Cipolletti  - Rio Negro
Sede Los Tordos:  Yrigoyen al 2211, Cipolletti - Rio Negro 

Teléfono: 0299 - 4774707 int 25
Contacto: biblioteca@facimed.uncoma.edu.ar
© 2011 - 2026